| 000 | 00491nam a2200205Ia 4500 | ||
|---|---|---|---|
| 003 | OSt | ||
| 005 | 20230314093718.0 | ||
| 008 | 210210b1939 xxu||||| |||| 00| 0 eng d | ||
| 040 | _cAL | ||
| 041 | _aeng | ||
| 082 | _a543/115 | ||
| 100 |
_aLOWRY (Martin) _975300 |
||
| 245 | _aIntermediate chemistry | ||
| 260 |
_aLondon _bMacmillan & Co. Ltd. _c1939 |
||
| 300 | _a876 | ||
| 690 |
_aInorganic Chemistry _975301 |
||
| 700 |
_aCAVELL (A C) _975302 |
||
| 906 | _a009526 | ||
| 942 |
_2ddc _cBK |
||
| 999 |
_c126996 _d126996 |
||